| 000 | 00760nam a2200193 a 4500 | ||
|---|---|---|---|
| 008 | 200821s2019 ||||||||||||||||| || u | ||
| 020 | _a9781473696105 | ||
| 050 | _aHD 58.7 Hil | ||
| 100 | _aHill, Paul Sean | ||
| 245 | 1 | 0 |
_aOut of this world : how NASA created the best team on the planet _cBy Paul Sean Hill |
| 260 |
_aLondon _bNicholas Brealey _c2019 |
||
| 300 | _axvii, 279 pages : illustrations | ||
| 650 | _aUNITED STATES. NATIONAL AERONAUTICS AND SPACE ADMINISTRATION | ||
| 650 | 0 | _aSUCCESS IN BUSINESS | |
| 650 | 0 | _aMANAGEMENT | |
| 650 | 0 | _aLEADERSHIP | |
| 650 | 0 | _aDECISION MAKING | |
| 995 |
_D8.80 _FCBU-MAIN LIBRARY (Kitwe) _M1 _UAVAILABLE _WAug 26, 2020 _ZMain Library Open Access Collection |
||
| 999 |
_c52995 _d52995 |
||